| 000 -LEADER |
| fixed length control field |
00578nam a22002057a 4500 |
| 008 - FIXED-LENGTH DATA ELEMENTS--GENERAL INFORMATION |
| fixed length control field |
150622b xxu||||| |||| 00| 0 eng d |
| 020 ## - INTERNATIONAL STANDARD BOOK NUMBER |
| International Standard Book Number |
9780536874863 |
| 020 ## - INTERNATIONAL STANDARD BOOK NUMBER |
| International Standard Book Number |
0536874867 |
| 041 0# - LANGUAGE CODE |
| Language code of text/sound track or separate title |
eng |
| 080 ## - UNIVERSAL DECIMAL CLASSIFICATION NUMBER |
| Universal Decimal Classification number |
33 |
| 100 ## - Rafti |
| Rafti |
Hubbard, R. Glenn; O'Brien Patrick Anthony; |
| 245 ## - TITLE STATEMENT |
| Title |
Economics / |
| Statement of responsibility, etc |
R. Glenn Hubbard; Anthony Patrick O'Brien;. |
| 250 ## - |
| -- |
2nd Edition |
| 260 ## - |
| -- |
New Jersey: |
| -- |
Pearson Education; |
| -- |
2008. |
| 300 ## - |
| -- |
926 f.: |
| -- |
me il.; |
| -- |
25 cm. |
| 500 ## - |
| -- |
Preface: f.viii-xii |
| 505 ## - |
| -- |
Index: f.I1-I26 |
| 650 #0 - |
| -- |
Ekonomiks |
| 942 ## - ADDED ENTRY ELEMENTS (KOHA) |
| Source of classification or shelving scheme |
|
| Item type |
Books |